| 000 | 01578cam a2200349 a 4500 | ||
|---|---|---|---|
| 001 | 8535665 | ||
| 003 | GBCCL | ||
| 005 | 20241126110428.0 | ||
| 008 | 080726s2007 ii a g b 010 0 eng d | ||
| 035 | _a(OCoLC)ocn689207236 | ||
| 035 | _a(IiNdDKA)DK-185994-PBK | ||
| 035 | _a8535665 | ||
| 040 |
_aIiNdDKA _beng _cIiNdDKA |
||
| 043 |
_aa-ii--- _aa------ |
||
| 082 | 0 | 4 |
_a268 _a230.071 05 _222 _bJOH |
| 245 | 0 | 0 |
_aStriving for excellence : _beducational ministry in the church : essays in honour of the Rt. Rev. Dr. Narendra John / _cedited by Siga Arles, Brian C. Wintle. |
| 250 | _a1st ed. | ||
| 260 |
_aBangalore : _bAsia Theological Association, _c2007. |
||
| 300 |
_a413 p. : _bill. (some col.) ; _c22 cm. |
||
| 504 | _aIncludes bibliographical references. | ||
| 505 | 0 | _apt. 1. Narendra John : a man who impacts lives -- pt. 2. Narendra John : an educationist -- pt. 3. Narendra John : a teacher for the task of mission in Asia -- pt. 4. Narendra John : a 'Biblical' Christian. | |
| 520 | _aNarendra John, b. 1946, Bishop of Free Methodist Church of India and Secretary of Asia Theological Association; contributed articles. | ||
| 650 | 0 |
_aTheology _xStudy and teaching _zIndia. _91297 |
|
| 650 | 0 |
_aTheology _xStudy and teaching _zAsia. _94920 |
|
| 650 | 0 |
_aChristian education _zIndia. _93228 |
|
| 650 | 0 |
_aChristian education _zAsia. _94921 |
|
| 700 | 1 |
_aJohn, Narendra, _d1946- _94922 |
|
| 700 | 1 |
_aArles, Siga, _d1950- _91315 |
|
| 700 | 1 |
_aWintle, Brian C. _q(Brian Charles), _d1944- _92288 |
|
| 710 | 2 |
_aAsia Theological Association, India _92291 |
|
| 942 |
_2ddc _cBK _02 |
||
| 999 |
_c2374 _d2374 |
||